| LEADER | 00604cam a2200205 7i4500 | ||
|---|---|---|---|
| 001 | 0000027719 | ||
| 005 | 20120424090000.0 | ||
| 090 | 0 | 0 | |a IRAN 338.7 |b OUT |
| 245 | 0 | 4 | |a The Outcomes of the first D-8 SMEs governmental bodies meeting 6 - 7 december 2010. |
| 260 | 0 | 0 | |a Tehran: |b Iran Small Industries & Industrial Parks Organization (ISIPO), |c 2010. |
| 300 | # | # | |a 61 p. |
| 651 | 0 | 0 | |a Pakistan |
| 651 | 0 | 0 | |a Indonesia |
| 651 | 0 | 0 | |a Malaysia |
| 651 | 0 | 0 | |a Iran |
| 651 | 0 | 0 | |a Turkey |
| 651 | 0 | 0 | |a Egypt |
| 651 | 0 | 0 | |a Nigeria |
| 651 | 0 | 0 | |a Bangladesh |
| 999 | |a 0000030262 |b Book |c Countries |e Business Information Centre | ||